[Event "Online Olym Div3 A"]
[Site "Chess.com INT"]
[Date "2021.08.29"]
[Round "8.3"]
[White "Takayasu, Melody"]
[Black "Kim, Taegyeong"]
[Result "1/2-1/2"]
[WhiteElo "1692"]
[BlackElo "1523"]
[PlyCount "53"]
[EventDate "2021.08.27"]
[EventType "team-tourn (rapid)"]
[EventRounds "9"]
[EventCountry "USA"]
[SourceTitle "CBM 204 Extra"]
[Source "ChessBase"]
[SourceDate "2021.11.30"]
[SourceVersion "1"]
[SourceVersionDate "2021.11.30"]
[SourceQuality "1"]
[WhiteTeam "Japan"]
[BlackTeam "South Korea"]
[WhiteTeamCountry "JPN"]
[BlackTeamCountry "KOR"]

1. e4 Nf6 2. e5 Nd5 3. Nf3 d6 4. d4 g6 5. Bc4 Nb6 6. Bb3 Bg7 7. 0-0 dxe5 8. Nxe5 0-0 9. Bf4 c6 10. Na3 Bf5 11. c4 N8d7 12. Re1 Nxe5 13. dxe5 Be6 14. c5 Bxb3 15. Qxb3 Nd5 16. Bg3 Qd7 17. Rad1 e6 18. Nc4 Rab8 19. Nd6 b6 20. cxb6 Rxb6 21. Qa3 Rfb8 22. b3 Rb4 23. Qc1 Bf8 24. Ne4 Bg7 25. Nd6 Bf8 26. Ne4 Bg7 27. Nd6 1/2-1/2

[Event "Online Olym Div3 A"]
[Site "Chess.com INT"]
[Date "2021.08.27"]
[Round "2.5"]
[White "Kim, Taegyeong"]
[Black "Taweesupmun, Chanida"]
[Result "1-0"]
[WhiteElo "1523"]
[BlackElo "1618"]
[PlyCount "59"]
[EventDate "2021.08.27"]
[EventType "team-tourn (rapid)"]
[EventRounds "9"]
[EventCountry "USA"]
[SourceTitle "CBM 204 Extra"]
[Source "ChessBase"]
[SourceDate "2021.11.30"]
[SourceVersion "1"]
[SourceVersionDate "2021.11.30"]
[SourceQuality "1"]
[WhiteTeam "South Korea"]
[BlackTeam "Thailand"]
[WhiteTeamCountry "KOR"]
[BlackTeamCountry "THA"]

1. d4 Nf6 2. c4 e6 3. Nc3 d5 4. Bg5 Be7 5. cxd5 exd5 6. e3 c6 7. Bd3 0-0 8. Qc2 h6 9. Bh4 Bg4 10. h3 Be6 11. Nf3 Nbd7 12. 0-0 Rc8 13. Na4 Qa5 14. a3 c5 15. dxc5 Nxc5 16. Nxc5 Qxc5 17. Qxc5 Rxc5 18. Ne5 Rfc8 19. Rfd1 g5 20. Bg3 Ne8 21. Nf3 Nd6 22. Nd4 Nc4 23. b4 R5c6 24. Nxc6 Rxc6 25. Rdc1 Bf6 26. Ra2 b5 27. Bb8 a6 28. Ba7 Rc7 29. Bd4 Re7 30. Bxf6 1-0

[Event "Online Olym Div3 A"]
[Site "Chess.com INT"]
[Date "2020.08.08"]
[Round "4.2"]
[White "Gjergji, Rozana"]
[Black "Kim, Taegyeong"]
[Result "1-0"]
[WhiteElo "1942"]
[BlackElo "1523"]
[PlyCount "105"]
[EventDate "2020.08.07"]
[EventType "team-tourn (rapid)"]
[EventRounds "9"]
[EventCountry "USA"]
[SourceTitle "CBM 198"]
[Source "ChessBase"]
[SourceDate "2020.10.31"]
[SourceVersion "1"]
[SourceVersionDate "2020.10.31"]
[SourceQuality "1"]
[WhiteTeam "Albania"]
[BlackTeam "South Korea"]
[WhiteTeamCountry "ALB"]
[BlackTeamCountry "KOR"]

1. e4 Nf6 2. Nc3 e5 3. Bc4 Nc6 4. d3 Bb4 5. a3 Ba5 6. Nge2 0-0 7. 0-0 d6 8. Kh1 Be6 9. Nd5 h6 10. b4 Bb6 11. h3 Bxd5 12. Bxd5 Nxd5 13. exd5 Nd4 14. c3 Nxe2 15. Qxe2 Qd7 16. Qh5 f5 17. f4 Qf7 18. Qf3 exf4 19. Bxf4 g5 20. Bd2 f4 21. Rae1 Rae8 22. Re4 Re5 23. c4 Be3 24. Rxe5 dxe5 25. Bxe3 fxe3 26. Qxf7+ Rxf7 27. Re1 Kg7 28. Rxe3 Kf6 29. Kg1 Rd7 30. Kf2 c6 31. dxc6 bxc6 32. Ke2 Rd4 33. Re4 Rxe4+ 34. dxe4 Ke6 35. Kf3 h5 36. Ke3 a6 37. a4 Kd6 38. Kd3 Ke6 39. c5 a5 40. b5 cxb5 41. axb5 g4 42. Kc4 gxh3 43. gxh3 Kf6 44. b6 Kg5 45. b7 Kh4 46. b8Q Kxh3 47. Qxe5 h4 48. c6 Kg2 49. c7 h3 50. c8Q h2 51. Qg8+ Kh1 52. Qf4 a4 53. Qf3# 1-0

[Event "Online Olym Div3 A"]
[Site "Chess.com INT"]
[Date "2020.08.08"]
[Round "5.5"]
[White "Kim, Taegyeong"]
[Black "Chang, Yolanda"]
[Result "1-0"]
[WhiteElo "1523"]
[BlackElo "1305"]
[PlyCount "137"]
[EventDate "2020.08.07"]
[EventType "team-tourn (rapid)"]
[EventRounds "9"]
[EventCountry "USA"]
[SourceTitle "CBM 198"]
[Source "ChessBase"]
[SourceDate "2020.10.31"]
[SourceVersion "1"]
[SourceVersionDate "2020.10.31"]
[SourceQuality "1"]
[WhiteTeam "South Korea"]
[BlackTeam "New Zealand"]
[WhiteTeamCountry "KOR"]
[BlackTeamCountry "NZL"]

1. d4 d5 2. c4 c6 3. Nf3 Nf6 4. Bg5 Nbd7 5. Nc3 e6 6. e3 Qa5 7. a3 Ne4 8. Qc1 Nxg5 9. Nxg5 dxc4 10. Nf3 Be7 11. Bxc4 Nb6 12. Bd3 Nd5 13. 0-0 0-0 14. b4 Qc7 15. Nxd5 exd5 16. Qc2 h6 17. Rfc1 Qd6 18. b5 cxb5 19. Bxb5 Be6 20. Ne5 Rac8 21. Qa4 a6 22. Rxc8 Rxc8 23. Be2 Bf6 24. Nd3 Rc4 25. Qb3 Rc7 26. Nc5 Bc8 27. Rb1 Qc6 28. Bf3 b5 29. Qxd5 Qxd5 30. Bxd5 Be7 31. Rc1 Bd6 32. g3 a5 33. Kf1 Bh3+ 34. Ke1 Ra7 35. Rb1 b4 36. axb4 axb4 37. Rxb4 Bc7 38. Rb7 Ra1+ 39. Ke2 Bf1+ 40. Kf3 Bd6 41. Rxf7 Kh7 42. Rd7 Bb8 43. Be4+ Kg8 44. Rd8+ Kf7 45. Rxb8 Re1 46. Rb7+ Kg8 47. Ne6 Be2+ 48. Kf4 g5+ 49. Ke5 Ra1 50. Rg7+ Kh8 51. Rh7+ Kg8 52. Rxh6 Ra5+ 53. Kf6 Ra6 54. Bh7+ Kh8 55. Bd3+ Kg8 56. Bxa6 Bxa6 57. d5 Bd3 58. d6 Bb5 59. Nc5 g4 60. Ke6 Bc4+ 61. Ke7 Bb5 62. d7 Bxd7 63. Kxd7 Kf8 64. Rh7 Kg8 65. Re7 Kh8 66. Ke6 Kg8 67. Kf6 Kh8 68. Kg6 Kg8 69. Re8# 1-0

[Event "Online Olym Div3 A"]
[Site "Chess.com INT"]
[Date "2020.08.08"]
[Round "6.1"]
[White "Kim, Taegyeong"]
[Black "Dubois, Martine"]
[Result "1-0"]
[WhiteElo "1523"]
[BlackElo "1802"]
[PlyCount "121"]
[EventDate "2020.08.07"]
[EventType "team-tourn (rapid)"]
[EventRounds "9"]
[EventCountry "USA"]
[SourceTitle "CBM 198"]
[Source "ChessBase"]
[SourceDate "2020.10.31"]
[SourceVersion "1"]
[SourceVersionDate "2020.10.31"]
[SourceQuality "1"]
[WhiteTeam "South Korea"]
[BlackTeam "Monaco"]
[WhiteTeamCountry "KOR"]
[BlackTeamCountry "MNC"]

1. d4 d5 2. c4 Bf5 3. Nc3 e6 4. cxd5 exd5 5. Nf3 Nc6 6. a3 Nf6 7. Bg5 Be7 8. e3 0-0 9. Bd3 Ne4 10. Bxe7 Nxe7 11. 0-0 c6 12. Qc2 Nxc3 13. Qxc3 Bxd3 14. Qxd3 f5 15. Ne5 f4 16. b4 a6 17. a4 Qd6 18. b5 axb5 19. axb5 Rxa1 20. Rxa1 fxe3 21. fxe3 Qh6 22. bxc6 bxc6 23. h3 Nf5 24. Ng4 Qg5 25. e4 dxe4 26. Qxe4 h5 27. Ne5 Ng3 28. Qd3 Qf4 29. Qc4+ Kh7 30. Qd3+ Ne4 31. Nf3 Qf5 32. Re1 h4 33. Rxe4 g6 34. Rxh4+ Kg7 35. Qxf5 Rxf5 36. Ne5 c5 37. Nf3 c4 38. d5 Rxd5 39. Rxc4 Kf6 40. Kf2 g5 41. Kg3 Kf5 42. Rg4 Kf6 43. Rxg5 Rxg5+ 44. Nxg5 Kxg5 45. Kf3 Kh5 46. g4+ Kg5 47. Kg3 Kg6 48. Kf4 Kh6 49. Kf5 Kh7 50. Kf6 Kh6 51. g5+ Kh7 52. g6+ Kh8 53. g7+ Kg8 54. h4 Kh7 55. Kf7 Kh6 56. g8Q Kh5 57. Kf6 Kxh4 58. Kf5 Kh3 59. Kf4 Kh2 60. Kf3 Kh1 61. Qg2# 1-0

[Event "Olympiad Women-40"]
[Site "Istanbul"]
[Date "2012.09.06"]
[Round "9.2"]
[White "Kim, Taegyeong"]
[Black "Amoko, Ivy Claire"]
[Result "0-1"]
[WhiteElo "1536"]
[BlackElo "1705"]
[PlyCount "100"]
[EventDate "2012.08.28"]
[EventType "team-swiss"]
[EventRounds "11"]
[EventCountry "TUR"]
[SourceTitle "CBM 150 Extra"]
[Source "ChessBase"]
[SourceDate "2012.10.19"]
[SourceVersion "1"]
[SourceVersionDate "2012.10.19"]
[SourceQuality "1"]
[WhiteTeam "South Korea (W)"]
[BlackTeam "Uganda (W)"]
[WhiteTeamCountry "KOR"]
[BlackTeamCountry "UGA"]

1. d4 d5 2. c4 e6 3. Nc3 Nf6 4. cxd5 exd5 5. Bg5 Be7 6. e3 0-0 7. Bd3 h6 8. Bh4 c6 9. Qc2 Na6 10. a3 Nc7 11. Nf3 Nh5 12. Bxe7 Qxe7 13. b4 Nf4 14. 0-0 Nxd3 15. Qxd3 a6 16. Na4 Bg4 17. Ne5 Be6 18. Nc5 Nb5 19. f4 Bc8 20. f5 Qg5 21. Rf4 Re8 22. Raf1 Qf6 23. R1f3 a5 24. h4 axb4 25. axb4 Ra3 26. Qc2 Ra1+ 27. Kh2 Ra3 28. Qf2 Nd6 29. Ng4 Qd8 30. f6 h5 31. Ne5 g6 32. Nxg6 Bg4 33. Ne7+ Rxe7 34. fxe7 Qxe7 35. Qg3 Kf8 36. Rf1 b6 37. Re1 bxc5 38. bxc5 Ne4 39. Rxe4 Qxe4 40. Qd6+ Qe7 41. Qxe7+ Kxe7 42. e4 dxe4 43. Rxe4+ Kd7 44. Re5 Rd3 45. Re4 f5 46. Rf4 Ke6 47. Kg1 Kd5 48. Kf2 Rxd4 49. Ke3 Rxf4 50. Kxf4 Kxc5 0-1

[Event "Asia Cities-ch 17th"]
[Site "Jakarta"]
[Date "2011.04.26"]
[Round "6.11"]
[White "Kim, Taegyeong"]
[Black "Saud, Mohamed"]
[Result "1/2-1/2"]
[WhiteElo "1506"]
[BlackElo "2087"]
[PlyCount "69"]
[EventDate "2011.04.22"]
[EventType "team-swiss"]
[EventRounds "9"]
[EventCountry "INA"]
[SourceTitle "CBM 142 Extra"]
[Source "ChessBase"]
[SourceDate "2011.06.27"]
[SourceVersion "1"]
[SourceVersionDate "2011.06.27"]
[SourceQuality "1"]
[WhiteTeam "Seoul"]
[BlackTeam "Sharjah"]
[WhiteTeamCountry "KOR"]
[BlackTeamCountry "UAE"]

1. c4 c5 2. Nf3 Nc6 3. d4 cxd4 4. Nxd4 g6 5. e4 Bg7 6. Be3 Nf6 7. Nc3 d6 8. Be2 0-0 9. 0-0 Bd7 10. Qd2 Rc8 11. f3 a6 12. Nxc6 Bxc6 13. b4 Bd7 14. Rac1 Be6 15. Nd5 Bxd5 16. cxd5 Qd7 17. Bd4 h5 18. Qb2 Rxc1 19. Rxc1 Rc8 20. Rxc8+ Qxc8 21. Qc3 Qd7 22. Bc4 Ne8 23. Bxg7 Nxg7 24. Qb3 Qc7 25. b5 Qc5+ 26. Kf1 a5 27. b6 f5 28. Ba6 Qc1+ 29. Ke2 Qg1 30. Qe3 Qb1 31. Kf2 Qb2+ 32. Kg3 f4+ 33. Qxf4 Qxb6 34. Bc4 Qb4 35. Qc1 1/2-1/2

[Event "Asia Cities-ch 17th"]
[Site "Jakarta"]
[Date "2011.04.23"]
[Round "3.12"]
[White "Kim, Taegyeong"]
[Black "Tsao, Yui"]
[Result "0-1"]
[WhiteElo "1506"]
[BlackElo "1775"]
[PlyCount "66"]
[EventDate "2011.04.22"]
[EventType "team-swiss"]
[EventRounds "9"]
[EventCountry "INA"]
[SourceTitle "CBM 142 Extra"]
[Source "ChessBase"]
[SourceDate "2011.06.27"]
[SourceVersion "1"]
[SourceVersionDate "2011.06.27"]
[SourceQuality "1"]
[WhiteTeam "Seoul"]
[BlackTeam "Hong Kong"]
[WhiteTeamCountry "KOR"]
[BlackTeamCountry "HKG"]

1. c4 e6 2. d4 Nf6 3. Nc3 d5 4. cxd5 exd5 5. Bg5 Be7 6. e3 0-0 7. Bd3 Re8 8. Qc2 Nbd7 9. Nf3 c6 10. 0-0 h6 11. Bh4 Ne4 12. Bxe7 Qxe7 13. Bxe4 dxe4 14. Nd2 Nf6 15. Rab1 a5 16. a3 b6 17. b4 Ba6 18. b5 cxb5 19. Nxb5 Rac8 20. Qa2 Qd7 21. a4 Nd5 22. Nc4 Bxb5 23. Rxb5 Nc3 24. Nxb6 Qxb5 25. axb5 Nxa2 26. Nxc8 Rxc8 27. Kh1 Rb8 28. h3 Rxb5 29. Rd1 Nc3 30. Rc1 Rb1 31. Rxb1 Nxb1 32. d5 Kf8 33. d6 Ke8 0-1

[Event "Asia Cities-ch 17th"]
[Site "Jakarta"]
[Date "2011.04.22"]
[Round "1.8"]
[White "Kim, Taegyeong"]
[Black "Abdulwahhab, Ahmed Abdulsattar"]
[Result "0-1"]
[WhiteElo "1506"]
[BlackElo "2322"]
[PlyCount "88"]
[EventDate "2011.04.22"]
[EventType "team-swiss"]
[EventRounds "9"]
[EventCountry "INA"]
[SourceTitle "CBM 142 Extra"]
[Source "ChessBase"]
[SourceDate "2011.06.27"]
[SourceVersion "1"]
[SourceVersionDate "2011.06.27"]
[SourceQuality "1"]
[WhiteTeam "Seoul"]
[BlackTeam "Baghdad"]
[WhiteTeamCountry "KOR"]
[BlackTeamCountry "IRQ"]

1. c4 Nf6 2. Nc3 g6 3. e4 d6 4. d4 Bg7 5. Nf3 0-0 6. Be2 e5 7. dxe5 dxe5 8. Qxd8 Rxd8 9. Bg5 c6 10. 0-0 h6 11. Bh4 Re8 12. Rad1 Na6 13. Rd6 g5 14. Bg3 Nd7 15. Rfd1 Nb6 16. Rd8 Bg4 17. Rxa8 Nxa8 18. h3 Bh5 19. a3 Nb6 20. b3 f6 21. a4 Bf8 22. Nh2 Bxe2 23. Nxe2 Nc5 24. Rb1 Nxe4 25. Ng4 f5 26. Nxh6+ Bxh6 27. Bh2 f4 28. Rd1 a5 29. f3 Nc5 30. Nc1 Bf8 31. Rd2 Ne6 32. Nd3 Nd4 33. Rb2 Nd7 34. Kf1 Nc5 35. Nxc5 Bxc5 36. Bg1 Ne6 37. Bxc5 Nxc5 38. Ke2 Kf7 39. Kd2 Rd8+ 40. Ke2 Rd3 41. b4 axb4 42. Rxb4 Ra3 43. a5 Ra2+ 44. Kf1 Rxa5 0-1

[Event "Asia-chT (Women) 16th"]
[Site "Guangzhou"]
[Date "2010.11.23"]
[Round "6"]
[White "Kim, Taegyeong"]
[Black "Hakimifard, Ghazal"]
[Result "0-1"]
[WhiteElo "1515"]
[BlackElo "2189"]
[PlyCount "56"]
[EventDate "2010.11.18"]
[EventType "team-swiss"]
[EventRounds "9"]
[EventCountry "CHN"]
[SourceTitle "CBM 139 Extra"]
[Source "ChessBase"]
[SourceDate "2011.01.05"]
[SourceVersion "1"]
[SourceVersionDate "2011.01.05"]
[SourceQuality "1"]
[WhiteTeam "Korea (W)"]
[BlackTeam "Iran (W)"]
[WhiteTeamCountry "KOR"]
[BlackTeamCountry "IRI"]

1. d4 Nf6 2. c4 e6 3. Nc3 Bb4 4. Qc2 0-0 5. a3 Bxc3+ 6. Qxc3 b6 7. Bg5 Bb7 8. Nf3 d6 9. Nd2 Nbd7 10. f3 h6 11. Bxf6 Qxf6 12. e4 Qg5 13. Qc2 Qe3+ 14. Be2 Qxd4 15. Rb1 Rae8 16. Qa4 Nc5 17. Qc2 Bc6 18. b4 Ba4 19. Qb2 Nd3+ 20. Bxd3 Qxd3 21. Nf1 f5 22. Qd2 Qxb1+ 23. Ke2 fxe4 24. Ng3 exf3+ 25. gxf3 Qb3 26. Qd3 Qxd3+ 27. Kxd3 Rxf3+ 28. Ke2 Rxa3 0-1

[Event "Olympiad Women-39"]
[Site "Khanty-Mansiysk"]
[Date "2010.09.27"]
[Round "6.57"]
[White "Smith, Javanna"]
[Black "Kim, Taegyeong"]
[Result "1/2-1/2"]
[WhiteElo "1796"]
[BlackElo "1508"]
[PlyCount "76"]
[EventDate "2010.09.21"]
[EventType "team-swiss"]
[EventRounds "11"]
[EventCountry "RUS"]
[SourceTitle "CBM 139"]
[Source "ChessBase"]
[SourceDate "2010.11.18"]
[SourceVersion "1"]
[SourceVersionDate "2010.11.18"]
[SourceQuality "1"]
[WhiteTeam "Trinidad and Tobago (W)"]
[BlackTeam "Korea (W)"]
[WhiteTeamCountry "TRI"]
[BlackTeamCountry "KOR"]

1. e4 c5 2. Nf3 Nc6 3. d4 cxd4 4. Nxd4 g6 5. Nc3 Bg7 6. Be3 Nf6 7. f3 0-0 8. Qd2 d5 9. exd5 Nxd5 10. Nxd5 Qxd5 11. Nxc6 Qxc6 12. 0-0-0 Be6 13. Kb1 Qa4 14. a3 a5 15. Bh6 b5 16. Bxg7 Kxg7 17. Qd4+ Qxd4 18. Rxd4 Rfb8 19. Bd3 b4 20. axb4 Rxb4 21. Rxb4 axb4 22. b3 Rd8 23. Re1 Kf8 24. Re4 Rb8 25. Kc1 Bf5 26. Rd4 Bxd3 27. Rxd3 f5 28. g4 fxg4 29. fxg4 Kf7 30. Kd2 Kf6 31. Rd7 Rb5 32. h4 h5 33. g5+ Ke6 34. Rd4 Kf5 35. Ke3 e5 36. Re4 Rb6 37. Kf3 Rb7 38. Rc4 Rb5 1/2-1/2